| 000 | 00559nam a2200217 i 4500 | ||
|---|---|---|---|
| 001 | bg | ||
| 100 | 1 | _aMAŁOCHA, Tadeusz | |
| 245 | 1 | 0 |
_aNorton Utilities do Windows 95 / _cTadeusz Małocha, Witold Wrotek. |
| 260 |
_aWarszawa : _bPLJ, _c1995. |
||
| 300 |
_a192 s. ; _c24 cm. |
||
| 650 | 9 | _aNorton Utilities | |
| 655 | _aPodręczniki | ||
| 700 | 1 | _aWROTEK, Witold | |
| 020 | _a8371013000 | ||
| 040 | _cBPK | ||
| 041 | 0 | _apl | |
| 080 | _a004.42:004.514.6](07) | ||
| 920 | _a83-7101-300-0 | ||
| 942 | _cKS | ||
| 008 | s pl f |000 0 pol | ||
| 999 |
_c39790 _d39790 |
||
| 856 |
_uhttp://koha.tu.koszalin.pl/cgi-bin/koha/opac-detail.pl?biblionumber=39790 _yKatalog online BPK |
||